000
00219nam a22001097a 4500
041
_a
eng
080
_a
80
100
_a
Nolasco, Rob
245
_a
Window On the World. WB.2
650
_a
English Practice
999
_c
279928
_d
279928
942
_c
BK